00379nam a2200145Ia 4500003000400000008004100004040001600045082001700061100002100078245005800099260002000157650001500177650001900192650002200211GCL140319s9999 xx 000 0 eng d aGCL / cGCL04aCHb843bB B1 aBOTTET, BEATRICE10aBLANCH - NEIGE ET LES SEPT MAINS / cBOTTET, BEATRICE a[S.N] : bHEMMA04aLITERATURE04aFRENCH FICTION04aFRENCH LITERATURE